טוען...

Spiecies / the units of biodiversity /

מידע ביבליוגרפי
מחבר ראשי: CharidgeM F
פורמט: Printed Book
שפה:English
יצא לאור: New York: Chapman & Hall c1997.
LEADER 00380nam a2200109Ia 4500
008 130611s9999 xx 000 0 eng d
100 |a CharidgeM F 
245 |a Spiecies / the units of biodiversity / 
260 |a New York:  |b  Chapman & Hall  |c c1997. 
942 |c BK 
999 |c 128036  |d 128036 
952 |0 0  |1 0  |4 0  |7 0  |9 141418  |a ZOO  |b ZOO  |c ST1  |d 2013-06-11  |l 1  |m 1  |p ZOO4621  |r 2017-11-24  |s 2017-09-15  |w 2013-06-11  |y BK